| 000 | 00694nam a2200241Ia 4500 | ||
|---|---|---|---|
| 003 | OSt | ||
| 005 | 20221007062848.0 | ||
| 006 | a|||||r|||| 00| 0 | ||
| 007 | ta | ||
| 008 | 221006b |||||||| |||| 00| 0 eng d | ||
| 024 | _a1,121 | ||
| 037 | _cReference Collections | ||
| 040 |
_aFLL _cFLL _beng |
||
| 041 |
_2eng _aeng |
||
| 082 | _aX:952:Z2, L2 | ||
| 100 | _aKhanna H. R. | ||
| 245 | 0 | _aCommentary on the payment of wages act, 1936 Fwd.by Mahesh Chandra | |
| 260 |
_aBombay _bN. M. Tripathi Private Limited India _c1972 |
||
| 300 |
_a345p _ccm. |
||
| 650 | _aLabour Law | ||
| 942 |
_hX:952:Z2, L2 _cREF _2CC |
||
| 999 |
_c1129693 _d1129693 |
||